| 000 | 00721nam a2200181 i 4500 | ||
|---|---|---|---|
| 001 | 51242 | ||
| 003 | ES-MaACL | ||
| 005 | 20230906162325.0 | ||
| 007 | t| | ||
| 008 | 030811s1929 sp ||||1| spa d | ||
| 100 | 1 |
_aDabin, Jean. _942398 |
|
| 245 | 1 | 3 |
_aLa teoría de la causa _b: estudio histórico y jurisprudencial / _cJean Dabin ; edición castellana con un prólogo escrito expresamente por el autor ; traducción, notas y concordancias con la legislación española y las americanas por Fracisco de Pelsmaeker. |
| 260 |
_aMadrid : _b[s.n.], _c1929 ( _fImp. Helénica) |
||
| 300 |
_aXXX, 390 p. ; _c23 cm. |
||
| 700 | 1 |
_aPelsmaeker e Ivañez, Francisco. _9185666 |
|
| 852 |
_aES-MaACL _jA-1421 |
||
| 999 |
_c51242 _d51242 |
||